000 00404nam a2200145Ia 4500
008 231217s9999 xx 000 0 und d
041 _aEnglish
082 _a621.38411 NAR
100 _aNarayan C P
245 0 _aAntenna and wave propagation VII sem E and C
260 _c2001
_bPune: Tecnical Publication
300 _avii+255
650 _aAntenna,wave,propagation,VII,semester,E,C
942 _cAA
999 _c169936
_d169936